00693nam a2200229Ia 4500003000400000005001700004008004100021020001400062040001000076082001700086100001900103245002200122250000800144260004400152300002800196500001900224600003300243650001200276942001200288952014800300999001500448OSt20251231114606.0240925s9999 xx 000 0 und d a521270952 cAACR2 a530.0724 SQU aSquires ,G. I. 0aPractical Physics a3rd aNew York:bCambridge Universityc,1991. axiv,481p.bNAfOriginal aIncludes Index aHumanities & Natural Science aPhysics cBK2ddc 00102ddc40708HUMaUITUbUITUd1995-01-17ePakistan American Commercialg281.14l0o530.0724 SQUpQ0156r2024-09-25 07:11:58w2024-09-25yBK c2655d2655